_Personality;Theory, Assessment, and Research(3rd ed) (Record no. 12610)
[ view plain ]
| 000 -LEADER | |
|---|---|
| fixed length control field | 00443nam a2200145Ia 4500 |
| 008 - FIXED-LENGTH DATA ELEMENTS--GENERAL INFORMATION | |
| fixed length control field | 151021s9999 xx 000 0 und d |
| 020 ## - INTERNATIONAL STANDARD BOOK NUMBER | |
| International Standard Book Number | 471058262 |
| 050 ## - LIBRARY OF CONGRESS CALL NUMBER | |
| Classification number | BF 698 .P375 1980 |
| 245 ## - TITLE STATEMENT | |
| Title | _Personality;Theory, Assessment, and Research(3rd ed) |
| 260 ## - PUBLICATION, DISTRIBUTION, ETC. (IMPRINT) | |
| Place of publication, distribution, etc. | U.S.A John Wiley |
| -- | Sons 1980 |
| 500 ## - GENERAL NOTE | |
| General note | Includes Index |
| 500 ## - GENERAL NOTE | |
| General note | Includes Index |
| 650 ## - SUBJECT ADDED ENTRY--TOPICAL TERM | |
| Topical term or geographic name as entry element | _cognitive Theory of Personality |
| 980 ## - EQUIVALENCE OR CROSS-REFERENCE-SERIES STATEMENT--PERSONAL NAME/TITLE [LOCAL, CANADA] | |
| Personal name | ^d20120828 05:31:57^okorir |
No items available.